| 000 | 00778nam a2200253 a 4500 | ||
|---|---|---|---|
| 001 | 18104 | ||
| 003 | BD-RjUL | ||
| 005 | 20211209000234.0 | ||
| 008 | 140219t1963 enka 001 0 eng d | ||
| 035 | _a(BD-RjUL)18162 | ||
| 035 | _a(OCoLC)303078 | ||
| 040 |
_aZYU _cZYU _dm.c _dOCL _dEQO _dBD-RJUL _beng |
||
| 041 | _aeng | ||
| 082 | 0 | 4 |
_a821.9 _bSTB 1965 |
| 090 |
_aPR5907 _b.S75 1965 |
||
| 100 | 1 |
_aStallworthy, Jon. _955796 |
|
| 245 | 1 | 0 |
_aBetween the lines : _bYeats's poetry in the making / _cJon Stallworthy |
| 260 |
_aOxford : _bClarendon Press, _c1965. |
||
| 300 |
_ax, 261 p. : _bill. ; _c23 cm. |
||
| 504 | _aIncludes bibliographical reference and index. | ||
| 600 | 1 | 0 |
_aYeats, W. B. _q(William Butler), _d1865-1939. _963086 |
| 942 |
_2ddc _cBK |
||
| 999 |
_c18104 _d18104 |
||